Länder, die den Euro verwenden - Sudden Death - Statistiken

Allgemein
  • Dieses Quiz wurde 88.914 mal gespielt
    18.943 seit der letzten Aktualisierung
  • Das Durchschnittsergebnis liegt bei 9 aus 21
Answers on the Grid
Answers color-coded by a green-red scale on the quiz's grid according to % correct below.
Belgien
Bulgarien
Dänemark
Deutschland
Estland
Finnland
Frankreich
Griechenland
Irland
Island
Italien
Kroatien
Lettland
Litauen
Luxemburg
Malta
Moldawien
Niederlande
Nordmazedonien
Österreich
Polen
Portugal
Rumänien
Schweden
Schweiz
Serbien
Slowakei
Slowenien
Spanien
Tschechien
Türkei
Ukraine
Ungarn
Vereinigtes Königreich
Zypern
 
Antwortstatistiken
Antwort % Korrekt
Belgien
86%
Deutschland
73%
Frankreich
69%
Italien
67%
Österreich
54%
Griechenland
53%
Niederlande
48%
Luxemburg
44%
Portugal
44%
Kroatien
42%
Spanien
42%
Finnland
34%
Irland
34%
Bulgarien
33%
Malta
33%
Estland
30%
Lettland
26%
Litauen
25%
Slowenien
22%
Slowakei
19%
Zypern
16%
Keine übereinstimmenden Quizze gefunden
Verteilung der Resultate
Anzahl Personen mit jedem Resultat
Perzentil nach korrekt beantworteten Fragen
Ihre Resultats-Entwicklung
Sie haben dieses Quiz seit der letzten Aktualisierung nicht gespielt